Normal view
MARC view
- AHMAD TARIQ, ALBAB AHMAD KHAN, FARAZ TAHIR, MUJAHID ABBAS
Entry Personal Name
001 - CONTROL NUMBER
- control field: 71634
003 - CONTROL NUMBER IDENTIFIER
- control field: NUST
005 - DATE AND TIME OF LATEST TRANSACTION
- control field: 20210628204646.0
008 - FIXED-LENGTH DATA ELEMENTS
- fixed length control field: 210628|| aca||aabn | a|a d
040 ## - CATALOGING SOURCE
- Original cataloging agency: NUST
- Transcribing agency: NUST
100 ## - HEADING--PERSONAL NAME
- Personal name: AHMAD TARIQ, ALBAB AHMAD KHAN, FARAZ TAHIR, MUJAHID ABBAS
670 ## - SOURCE DATA FOUND
- Source citation: Work cat.: (NUST): AHMAD TARIQ, ALBAB AHMAD KHAN, FARAZ TAHIR, MUJAHID ABBAS, PR-SOF-1478-EYE EXPLORER.PDF, 2015
